La utopía de la copia: el pop como irritación
Αποθηκεύτηκε σε:
| Κύριος συγγραφέας: | |
|---|---|
| Μορφή: | Βιβλίο |
| Γλώσσα: | Ισπανικά |
| Έκδοση: |
Buenos Aires
Interzona
2007
|
| Σειρά: | Ensayos
|
| Θέματα: | |
| Ετικέτες: |
Προσθήκη ετικέτας
Δεν υπάρχουν, Καταχωρήστε ετικέτα πρώτοι!
|
MARC
| LEADER | 00000cam a2200000 a 4500 | ||
|---|---|---|---|
| 001 | UCF3311 | ||
| 003 | CL-VaPUC | ||
| 008 | 121004e20070000AG |||||||||||||||||spa|d | ||
| 020 | |a 9789871180509 | ||
| 082 | 0 | 4 | |a 834 |b BUN |2 21 |
| 100 | 0 | |a Bunz, Mercedes |e author |9 565237 | |
| 245 | 1 | 3 | |a La utopía de la copia: el pop como irritación |
| 300 | |a 153 p | ||
| 942 | |c BK | ||
| 945 | |d 20121004 00:00:00 |a dcastane | ||
| 260 | |a Buenos Aires |b Interzona |c 2007 | ||
| 650 | 7 | |a ENSAYOS ALEMANES |2 CL-VaPUC |9 265772 | |
| 650 | 0 | |a Estética |9 264950 | |
| 583 | |a last modification |c 20121004 18:42:00 |k Rodrigo Vera | ||
| 490 | 0 | |a Ensayos | |
| 999 | |c 349746 |d 349744 | ||
| 952 | |0 0 |1 0 |4 0 |6 834_000000000000000_BUN_2007 |7 0 |8 A |9 452515 |a BIBART |b BIBART |d 2019-11-22 |i 4912659 |l 2 |o 834 BUN 2007 |p 4912659 |r 2025-03-13 |s 2023-09-20 |w 2019-11-22 |y BK |k ART | ||